000 00603nam a2200181Ia 4500
005 20250508151656.0
008 008 250505s9999 xx 000 0 eng d
037 _aTextual
040 _aFEDL
_beng
_cFEDL
041 _aeng
_2eng
084 _a320.3, SPA
_qFEDL
100 _aSapull Hebe
_9759718
245 2 _aA B C of civics : A dictionary of terms used in connection with parliament, local authorities, courts of law, diplomacy and the United Nations
260 _aLondon, UK
_bC. and J. Temple Ltd.
300 _a128p.
942 _cTEXL
_h320.3, SPA
999 _c1331365
_d1331365